000 00368nam a22001337a 4500
003 SGT
020 _a8171787223
082 _a200
_bH99J
100 _aजोशी,रीता बहुगुणा
245 _a हेमवती नंदन बहुगुणा
260 _bराजकमल प्रकाशन
_c1999
300 _a276
942 _2ddc
_cBK
999 _c31805
_d31805